Top 15 najludniejsze państwa europy - Statystyki

Ogólne statystyki
  • Ten quiz został rozwiązany 464 razy
  • Średni wynik to 12 z 15
Statystyki odpowiedzi
Ludność Odpowiedź % Poprawnych
38 346 279 Polska
99%
142 470 272 Rosja
99%
80 996 685 Niemcy
97%
66 259 012 Francja
96%
47 737 941 Hiszpania
96%
42 805 731 Ukraina
91%
63 742 977 Wielka Brytania
91%
61 680 122 Włochy
90%
10 813 834 Portugalia
77%
81 619 392 Turcja
75%
21 729 871 Rumunia
72%
10 775 557 Grecja
70%
16 877 351 Holandia
65%
10 627 448 Czechy
64%
10 449 361 Belgia
61%
Nie znaleziono quizów pasujących do podanych kryteriów
Rozkład punktacji
Procent ludzi z każdym wynikiem
Percentyl według liczby udzielonych odpowiedzi
Twoja historia wyników
Nie rozwiązałeś tego quizu